ASDFmovie Quiz (fill in the blank) - Statistics

General Stats
  • This quiz has been taken 51 times
  • The average score is 24 of 39
Answer Stats
Answer % Correct
man
93%
flop
88%
this
85%
do
83%
kiss
83%
singing
80%
moon
78%
word
78%
you
75%
baby
70%
blind
70%
feathers
70%
food
70%
llama
70%
snake arms
70%
guy
68%
jump
68%
skin
63%
cheese
60%
sheep
60%
chair
58%
date
58%
Harold
58%
internet
58%
homosexual
55%
stupid
55%
Jimmy
50%
pony
50%
lemons
48%
skate
48%
jazz
45%
look
45%
stegosaurus
45%
Susie
43%
superguy
38%
brain cancer
35%
chase
30%
stepping
30%
sync
30%
No matching quizzes found
Score Distribution
Percent of People with Each Score
Percentile by Number Answered
Your Score History
You have not taken this quiz